Baukonstruktionen-Grundlagen : Lehrbuch /

Uložené v:
Podrobná bibliografia
Hlavný autor: Krause, Karl Heinz (Author)
Médium: Kniha
Jazyk:German
Vydané: Berlin : Verlag für Bauwesen, 1986.
Vydanie:1. Aufl.
ISBN: 3-345-00036-9 (viaz.)
Fyzický popis: 368 s.
Tagy: Pridať tag
Žiadne tagy, Buďte prvý kto otaguje tento záznam!

MARC

LEADER 00000nam a2200000 a 4500
001 000388317
005 20120701111556.0
008 980124s1986 gw ger d
020 |a 3-345-00036-9 (viaz.)  |c Kčs 62,00 
040 |a SVKKK  |b slo  |c SVKKK  |e AACR2 
041 0 |a ger 
044 |a gw  |c DE 
100 1 |a Krause, Karl Heinz  |4 aut 
245 1 0 |a Baukonstruktionen-Grundlagen :  |b Lehrbuch /  |c K. H. Krause ... [et al.]. 
250 |a 1. Aufl. 
260 |a Berlin :  |b Verlag für Bauwesen,  |c 1986. 
300 |a 368 s. 
910 |a svkkk 
919 |a 3-345-00036-9 
998 |a BK 
090 |g SCKHL  |k Sklad Pribinova prízemie  |a IV.136187  |j 739679  |i B244006  |s Absenčne